<?xml version="1.0" encoding="UTF-8"?>
<record
    xmlns:xsi="http://www.w3.org/2001/XMLSchema-instance"
    xsi:schemaLocation="http://www.loc.gov/MARC21/slim http://www.loc.gov/standards/marcxml/schema/MARC21slim.xsd"
    xmlns="http://www.loc.gov/MARC21/slim">

  <leader>01844nam0a22003011  4500</leader>
  <controlfield tag="001">v19\rc\1740867</controlfield>
  <controlfield tag="005">20260406010654.0</controlfield>
  <datafield tag="035" ind1=" " ind2=" ">
    <subfield code="a">(NLR Aleph) 005248128</subfield>
  </datafield>
  <datafield tag="090" ind1=" " ind2=" ">
    <subfield code="a">5775500</subfield>
    <subfield code="c">5775500</subfield>
  </datafield>
  <datafield tag="100" ind1=" " ind2=" ">
    <subfield code="a">20061204d1902    |||y0rusy50      ca</subfield>
  </datafield>
  <datafield tag="101" ind1="0" ind2=" ">
    <subfield code="a">rus</subfield>
  </datafield>
  <datafield tag="102" ind1=" " ind2=" ">
    <subfield code="a">RU</subfield>
  </datafield>
  <datafield tag="105" ind1=" " ind2=" ">
    <subfield code="a">y   z   |||ab</subfield>
  </datafield>
  <datafield tag="200" ind1="1" ind2=" ">
    <subfield code="a">&#x41F;&#x44C;&#x435;&#x441;&#x44B; &#x438;&#x437; &#x434;&#x435;&#x442;&#x441;&#x43A;&#x43E;&#x439; &#x436;&#x438;&#x437;&#x43D;&#x438;</subfield>
    <subfield code="e">"&#x422;&#x43E;&#x43C; &#x421;&#x43E;&#x439;&#x435;&#x440;", &#x43A;&#x43E;&#x43C;&#x435;&#x434;&#x438;&#x44F; &#x432; 3 &#x43A;&#x430;&#x440;&#x442;. &#x438;&#x437; &#x440;&#x43E;&#x43C;&#x430;&#x43D;&#x430; &#x41C;. &#x422;&#x432;&#x44D;&#x43D;&#x430; "&#x41F;&#x440;&#x438;&#x43A;&#x43B;&#x44E;&#x447;&#x435;&#x43D;&#x438;&#x44F; &#x422;&#x43E;&#x43C;&#x430;". "&#x412;&#x43E; &#x441;&#x43D;&#x435; &#x438; &#x43D;&#x430;&#x44F;&#x432;&#x443;", &#x43A;&#x43E;&#x43C;&#x435;&#x434;&#x438;&#x44F; &#x432; 3-&#x445; &#x43A;&#x430;&#x440;&#x442;&#x438;&#x43D;&#x430;&#x445;. "&#x420;&#x44B;&#x446;&#x430;&#x440;&#x44C; &#x431;&#x435;&#x437; &#x441;&#x442;&#x440;&#x430;&#x445;&#x430; &#x438; &#x443;&#x43F;&#x440;&#x435;&#x43A;&#x430;", &#x433;&#x435;&#x440;&#x43E;&#x438;&#x447;. &#x44D;&#x43F;&#x438;&#x437;&#x43E;&#x434; &#x432; 2-&#x445; &#x43A;&#x430;&#x440;&#x442;&#x438;&#x43D;&#x430;&#x445; &#x438;&#x445; &#x431;&#x438;&#x43E;&#x433;&#x440;&#x430;&#x444;&#x438;&#x438; &#x411;&#x435;&#x440;&#x442;&#x440;&#x430;&#x43D;&#x430; &#x434;&#x44E;-&#x413;&#x435;&#x441;&#x43A;&#x43B;&#x435;&#x43D;&#x430;</subfield>
  </datafield>
  <datafield tag="205" ind1=" " ind2=" ">
    <subfield code="a">2-&#x435; &#x438;&#x437;&#x434;., &#x434;&#x43E;&#x43F;.</subfield>
  </datafield>
  <datafield tag="210" ind1=" " ind2=" ">
    <subfield code="a">&#x421;&#x430;&#x43D;&#x43A;&#x442;-&#x41F;&#x435;&#x442;&#x435;&#x440;&#x431;&#x443;&#x440;&#x433;</subfield>
    <subfield code="c">&#x442;&#x438;&#x43F;. &#x410;.&#x421;. &#x421;&#x443;&#x432;&#x43E;&#x440;&#x438;&#x43D;&#x430;</subfield>
    <subfield code="d">1902</subfield>
  </datafield>
  <datafield tag="215" ind1=" " ind2=" ">
    <subfield code="a">IV, 226, [1] &#x441;.</subfield>
    <subfield code="d">17</subfield>
  </datafield>
  <datafield tag="464" ind1=" " ind2="0">
    <subfield code="1">2001#$a&#x422;&#x43E;&#x43C; &#x421;&#x43E;&#x439;&#x435;&#x440;$e&#x41A;&#x43E;&#x43C;&#x435;&#x434;&#x438;&#x44F; &#x432; 3 &#x43A;&#x430;&#x440;&#x442;. &#x438;&#x437; &#x440;&#x43E;&#x43C;&#x430;&#x43D;&#x430; &#x41C;. &#x422;&#x432;&#x44D;&#x43D;&#x430; "&#x41F;&#x440;&#x438;&#x43A;&#x43B;&#x44E;&#x447;&#x435;&#x43D;&#x438;&#x44F; &#x422;&#x43E;&#x43C;&#x430;"$a&#x412;&#x43E; &#x441;&#x43D;&#x435; &#x438; &#x43D;&#x430;&#x44F;&#x432;&#x443;$e&#x41A;&#x43E;&#x43C;&#x435;&#x434;&#x438;&#x44F; &#x432; 3 &#x43A;&#x430;&#x440;&#x442;.$a&#x420;&#x44B;&#x446;&#x430;&#x440;&#x44C; &#x431;&#x435;&#x437; &#x441;&#x442;&#x440;&#x430;&#x445;&#x430; &#x438; &#x443;&#x43F;&#x440;&#x435;&#x43A;&#x430;$e&#x413;&#x435;&#x440;&#x43E;&#x438;&#x447; &#x44D;&#x43F;&#x438;&#x437;&#x43E;&#x434; &#x432; 2 &#x43A;&#x430;&#x440;&#x442;. &#x438;&#x437; &#x431;&#x438;&#x43E;&#x433;&#x440;&#x430;&#x444;&#x438;&#x438; &#x411;&#x435;&#x440;&#x442;&#x440;&#x430;&#x43D;&#x430; &#x434;&#x44E;-&#x413;&#x435;&#x441;&#x43A;&#x43B;&#x435;&#x43D;&#x430;</subfield>
    <subfield code="1">702#1$3RU\NLR\AUTH\77201$7ca$a&#x422;&#x432;&#x435;&#x43D;$b&#x41C;.$f1835-1910$g&#x41C;&#x430;&#x440;&#x43A;$4570</subfield>
    <subfield code="1">702#1$a&#x414;&#x44E;&#x433;&#x435;&#x43A;&#x43B;&#x435;&#x43D;$b&#x411;.$f&#x43E;&#x43A;. 1320-1380$g&#x411;&#x435;&#x440;&#x442;&#x440;&#x430;&#x43D;$4570</subfield>
    <subfield code="t">&#x420;&#x44B;&#x446;&#x430;&#x440;&#x44C; &#x431;&#x435;&#x437; &#x441;&#x442;&#x440;&#x430;&#x445;&#x430; &#x438; &#x443;&#x43F;&#x440;&#x435;&#x43A;&#x430;</subfield>
  </datafield>
  <datafield tag="532" ind1="1" ind2="3">
    <subfield code="a">&#x41F;&#x44C;&#x435;&#x441;&#x44B; &#x438;&#x437; &#x434;&#x435;&#x442;&#x441;&#x43A;&#x43E;&#x439; &#x436;&#x438;&#x437;&#x43D;&#x438;</subfield>
  </datafield>
  <datafield tag="700" ind1=" " ind2="1">
    <subfield code="8">rus</subfield>
    <subfield code="7">ca</subfield>
    <subfield code="a">&#x413;&#x43B;&#x430;&#x433;&#x43E;&#x43B;&#x438;&#x43D;</subfield>
    <subfield code="b">&#x411;. &#x421;.</subfield>
    <subfield code="f">1879-1948</subfield>
    <subfield code="g">&#x411;&#x43E;&#x440;&#x438;&#x441; &#x421;&#x435;&#x440;&#x433;&#x435;&#x435;&#x432;&#x438;&#x447;</subfield>
    <subfield code="3">RU\NLR\AUTH\77116136</subfield>
    <subfield code="9">99061</subfield>
  </datafield>
  <datafield tag="801" ind1=" " ind2="0">
    <subfield code="a">RU</subfield>
    <subfield code="b">NLR</subfield>
    <subfield code="c">20061204</subfield>
    <subfield code="g">psbo</subfield>
  </datafield>
  <datafield tag="801" ind1=" " ind2="0">
    <subfield code="a">RU</subfield>
    <subfield code="b">RuMoRGB</subfield>
    <subfield code="c">20061204</subfield>
    <subfield code="2">psbo</subfield>
  </datafield>
  <datafield tag="801" ind1=" " ind2="1">
    <subfield code="a">RU</subfield>
    <subfield code="b">ProSoft-M</subfield>
    <subfield code="c">20061204</subfield>
    <subfield code="2">rusmarc</subfield>
  </datafield>
  <datafield tag="801" ind1=" " ind2="2">
    <subfield code="a">RU</subfield>
    <subfield code="b">NLR</subfield>
    <subfield code="c">20121025</subfield>
    <subfield code="2">rusmarc</subfield>
  </datafield>
  <datafield tag="852" ind1=" " ind2=" ">
    <subfield code="a">NLR</subfield>
    <subfield code="j">34.3.5.49</subfield>
  </datafield>
  <datafield tag="942" ind1=" " ind2=" ">
    <subfield code="c">BOOK</subfield>
  </datafield>
  <datafield tag="980" ind1=" " ind2=" ">
    <subfield code="a">NB</subfield>
  </datafield>
  <datafield tag="995" ind1=" " ind2=" ">
    <subfield code="5">2013-10-26</subfield>
    <subfield code="b">NLR02</subfield>
    <subfield code="c">NLR02</subfield>
    <subfield code="e">RFS</subfield>
    <subfield code="f">5248128-10</subfield>
    <subfield code="k">34.3.5.49</subfield>
    <subfield code="o">0</subfield>
    <subfield code="r">BOOK</subfield>
    <subfield code="s">343549_</subfield>
  </datafield>
</record>
